| 000 | 00526nam a2200205Ia 4500 | ||
|---|---|---|---|
| 999 |
_c7660 _d7660 |
||
| 003 | 0100 | ||
| 005 | 20190710154145.0 | ||
| 008 | 130303s9999 xx 000 0 und d | ||
| 040 | _cARRUPELIB | ||
| 050 | _aHD31.W494 1992 | ||
| 100 |
_aWheatley, Margaret J _944849 |
||
| 245 | _aLeadership and the new science | ||
| 245 | _blearning about organisation from an orderly universe | ||
| 250 | _a1st | ||
| 260 |
_aSan Francisco _bBerrett-Koehler _c1992 |
||
| 300 | _axvi | ||
| 300 | _b 164p. 24cm. | ||
| 650 |
_aChaotic behaviour in systems _931997 |
||
| 700 |
_aMargaret J. Wheatley _946896 |
||
| 942 |
_2lcc _cMONOGRAPH |
||